00751nam a2200241Ia 4500008004100000020001500041040001800056041000800074100002400082245010400106250001300210260004400223300002400267504002100291650003100312650001700343650003000360650002000390650002400410700003300434700001500467765002700482130821s2000 ck gr spa  a9584100394 aCo-BoUCMbspa00aspa aWhittington, O. Ray00aAuditoríabun enfoque integralcO. Ray Whittington; Kurt Pany; traducido por Gladys Arango Medina a12a. ed. aBogotá (Colombia)bMc Graw Hillc2000 axiii, 624 páginas aIncluye índice04aAuditoría administrativa04aContabilidad04aContraloría de empresas04aControl interno04aÉtica profesional aArango Medina, Gladys, Trad. aPany, Kurt tPrinciples of auditing